00530cam a22002051 4500001001300000003000400013005001700017008004100034010001700075035002000092040001700112042001200129050001500141100002500156245006600181260001900247300001500266651002600281999001700307ne 65001205 DLC20260227111814.0931129m19609999tu 000 0 tur  ane 65001205  a(OCoLC)29396403 aDLCcCUdDLC apremarc00aDR432b.Y31 aYardımcı, Celâl.10aFikir bahçesi.c[Ankara Radyosunda bir konuşma programı] aAnkara,c1960- av.c21 cm. 0aTurkeyxCivilization. c48184d48184